000 00972nam a22003137a 4500
001 0003862
003 KOHA_MİRAKIL
005 20260207001351.0
007 ta
008 090415b2002 tu |||gr||||#||||0|tur |
020 _c0,01
040 _aTR-BiSEU
_btur
_cTR-BiSEU
_erda
041 0 _atur
044 _ctu
050 _aQ175
_b.U55 2002
245 1 _aÜniversite ve etik :
_bKüreselleşme ve üniversite :
_bFelsefe ve bilim/
_ceditör Merih Yurtkuran ... [ve bşk.].
264 1 _aBursa :
_bUludağ Üniversitesi,2002
_c2002
300 _a92 sayfa
336 _ametin
_btxt
_2rdacontent
337 _aaracısız
_bn
_2rdamedia
338 _acilt
_bnc
_2rdacarrier
490 1 _aUludağ Üniversitesi Kültür Sanat Kurulu yayınları ;
_vno.
490 1 _a1.
650 0 _aBilim--Felsefe.
_99412
650 0 _aKüreselleşme.
_96273
830 1 _aUludağ Üniversitesi Kültür Sanat Kurulu yayınları ;
_vno.
_99413
830 1 _a1.
_92570
942 _2lcc
_cBK
999 _c3846
_d3846